Obálka
Pro půjčování e-knih musíte být přihlášeni.
Jak si půjčit online?

Vánoční příběh pejska a kočičky /

Nový příběh pejska a kočičky vypráví o tom, jak si splnili svoje velké přání a oslavili Vánoce podobně jako lidé.

Uloženo v:
Hlavní autor: Hurtíková, Vlasta (Autor)
Další autoři: Slábová, Martina, 1977- (Autor)
Médium: E-audiokniha
Jazyk:Czech
Vydáno: V Brně : Edika, 2023
Vydání:1. vydání
Témata:
Tagy:
Žádné tagy
LEADER 02076nam a2200493 i 4500
001 313590
003 CZ PrSKC
005 20260601215746.0
007 ta
008 231020s2023 xr a b 000 j cze
015 |a cnb003554431 
020 |a 9788026619161  |q (vázáno) :  |c Kč 229,00 
035 |a (OCoLC)1412780827 
040 |a ABG001  |b cze  |e rda 
072 7 |a 821.162.3-3  |x Česká próza  |2 Konspekt 
072 7 |a 821-93  |x Literatura pro děti a mládež (beletrie)  |2 Konspekt 
080 |a 821.162.3-32  |2 MRF 
080 |a 821-93  |2 MRF 
080 |a (0:82-32)  |2 MRF 
100 1 |a Hurtíková, Vlasta  |7 mzk2013773166  |4 aut 
245 1 0 |a Vánoční příběh pejska a kočičky /  |c Vlasta Hurtíková ; ilustrace: Martina Slábová 
250 |a 1. vydání 
264 1 |a V Brně :  |b Edika,  |c 2023 
300 |a 64 stran :  |b barevné ilustrace ;  |c 25 cm 
336 |a text  |b txt  |2 rdacontent 
336 |a statický obraz  |b sti  |2 rdacontent 
337 |a bez média  |b n  |2 rdamedia 
338 |a svazek  |b nc  |2 rdacarrier 
520 2 |a Nový příběh pejska a kočičky vypráví o tom, jak si splnili svoje velké přání a oslavili Vánoce podobně jako lidé. 
521 8 |a Pro čtenáře od 5 let 
655 7 |a české příběhy  |7 fd133973  |2 czenas 
655 7 |a publikace pro děti  |7 fd133156  |2 czenas 
655 9 |a Czech stories  |2 eczenas 
655 9 |a children's literature  |2 eczenas 
700 1 |a Slábová, Martina,  |d 1977-  |7 jo2015891964  |4 ill 
900 |a ABA001  |b 19 
928 9 |a Albatros Media - Edika 
044 |a xr 
505 0 0 |t 01_Vanocni-pribeh-pejska-a-kocicky (25 min., 52 sek.) 
505 0 0 |t 02_Vanocni-pribeh-pejska-a-kocicky (19 min., 26 sek.) 
505 0 0 |t 03_Vanocni-pribeh-pejska-a-kocicky (25 min., 17 sek.) 
910 |a RBIT002 
998 |d 427512  |a https://core.palmknihy.cz/api/books/427512/cover?tfvcjs  |b https://core.palmknihy.cz/api/books/427512/cover/400?tfvcjs  |c https://core.palmknihy.cz/api/books/427512/cover/50?tfvcjs  |e 2033-12-31  |i 9788026619161  |l 4260  |q 49  |r 1  |s https://www.palmknihy.cz/kniha/427512  |t audiobook  |y 2026  |z 0 
999 |d 313588